=LDR 00000nam 2200000 4500 =001 INLIS000000000036451 =005 20130612142234 =008 ***********************************Ind** =035 ##$$0010-061300000036451 =041 ##$$a Ind =082 ##$$a 641.5 =090 ##$$a 641.5, Ind d =100 ##$$a Indra-Supit, Milly =245 ##$$a 25 resep perkedel terlezat, oleh Milly Indra-Supit ; editor, Intarina Hardiman =260 ##$$a 2011 $b Jakarta =300 ##$$a 56 hlm, ilus, 21 cm =650 ##$$a Masakan, resep =700 ##$$a Hardiman, Intarina =850 ##$$a NBPNMAT